000 00353nam a2200133Ia 4500
008 210210b1985 xxu||||| |||| 00| 0 eng d
082 _a378.0025 HAND
100 _a-
245 _aHandbook of medical education.
260 _aNew Delhi.
_bAssociation of Indian Universities.,
_c1985
300 _axix,247
690 _aHigher Education
906 _a037910
999 _c88140
_d88140